| 000 | 00460nam a22001817a 4500 | ||
|---|---|---|---|
| 005 | 20260527155746.0 | ||
| 008 | 260527b |||||||| |||| 00| 0 eng d | ||
| 020 |
_a9789358705898 _c290.00 |
||
| 040 | _aMAIN | ||
| 041 | _aEnglish | ||
| 082 |
_bAGA _a153.93 |
||
| 100 |
_aAggarwal, R.S. _9126 |
||
| 245 | _aModern Approach to Logical Reasoning | ||
| 260 |
_aUttar Pradesh _bS. Chand _c2025 |
||
| 300 | _aV.P. | ||
| 650 | _aCompetitive Books | ||
| 942 | _cBK | ||
| 999 |
_c60900 _d60900 |
||